000 00291nam a22001337a 4500
008 170407b xxu||||| |||| 00| 0 eng d
020 _a2900763741449
041 _aeng
080 _27 ED
_a616
100 _a9
101 _aSHM
245 _aHUMAN DISEASE
_cCROWLEY.L.V
942 _2udc
_cBK
999 _c10182
_d10182